00262nam a2200109Ia 4500003000400000008004100004040001600045082001500061245002600076260004000102300001000142GCL140319s9999 xx 000 0 eng d aGCL / cGCL04a574.87bGM10aThe Machinery of Life a[S.N] : bFaber and Faber ، c1992 a140 P